| 000 | 00453nam a2200157Ia 4500 | ||
|---|---|---|---|
| 008 | 151021s9999 xx 000 0 und d | ||
| 020 | _a131891243 | ||
| 050 | _aHM 586.M33 2005 | ||
| 245 | _a_Sociology Annotated Instructor's Edition / John J. Macionis | ||
| 260 | _aNew Jersey : Pearson , 2005 | ||
| 300 | _axxxi,704 p. | ||
| 500 | _aIncludes Index | ||
| 500 | _aIncludes Index | ||
| 650 | _a_Sociology | ||
| 980 | _a^d20130510 11:20:33^oanne | ||
| 999 |
_c13150 _d13150 |
||